000 01429nam a2200229Ii 4500
008 221202s xx 000 0 und d
100 1 _aMihailidis, Paul,
_eauthor
245 0 _aCivic Media Literacies
246 _aRe-Imagining Human Connection in an Age of Digital Abundance
264 _bCRC Press
_c2018
300 _a1 online resource
336 _atext
_btxt
_2rdacontent
337 _acomputer
_bc
_2rdamedia
338 _aonline resource
_bcr
_2rdacarrier
520 _aCivic life today is mediated. Communities small and large are now using connective platforms to share information, engage in local issues, facilitate vibrant debate, and advocate for social causes. In this timely book, Paul Mihailidisexplores the texture of daily engagement in civic life, and the resources—human, technological, and practical—that citizens employ when engaging in civic actions for positive social impact. In addition to examining the daily civic actions that are embedded in media and digital literacies and human connectedness, Mihailidis outlines a model for empowering young citizens to use media to meaningfully engage in daily life.
653 _aCivics & Citizenship
653 _aMedia Studies
653 _aPolitical Science
653 _aSocial Science
856 _uhttps://library.oapen.org/bitstream/20.500.12657/43890/1/external_content.pdfhttps://library.oapen.org/handle/20.500.12657/43890
942 _cE-BOOK
999 _c61316
_d61316